| 000 | 00666nam a2200229 i 4500 | ||
|---|---|---|---|
| 001 | 17006 | ||
| 003 | ES-MaACL | ||
| 005 | 20230906151500.0 | ||
| 007 | t| | ||
| 008 | 001213s1998 sp ||||1| spa d | ||
| 020 | _a84-339-6616-2 | ||
| 080 | _a821.134.2(728.1)-32"19" | ||
| 100 | 1 |
_aMonterroso, Augusto. _982548 |
|
| 245 | 1 | 0 |
_aObras completas (y otros cuentos) / _cAugusto Monterroso. |
| 250 | _a1ยช ed. en "Compactos". | ||
| 260 |
_aBarcelona : _bAnagrama, _c1998. |
||
| 300 |
_a140 p. ; _c19 cm. |
||
| 490 | 1 |
_aCompactos Anagrama ; _v185 |
|
| 830 | 0 |
_aCompactos Anagrama ; _v185 _9180205 |
|
| 852 |
_aES-MaACL _jL-24070 _bR.129086 |
||
| 999 |
_c17006 _d17006 |
||